Statystyki dla Najlepsza '11' LM sezonu 2019/2020

Kliknij tutaj aby rozwiązać quiz!

Ogólne statystyki

  • Ten quiz został rozwiązany 263 razy
  • Średni wynik to 9 z 11

Statystyki odpowiedzi

pozycjaklubkrajpiłkarz% Poprawnych
BramkarzPSGKostarykaKeylor Navas
99%
NapastnikBarcelonaArgentynaLionel Messi
98%
NapastnikBayernPolskaRobert Lewandowski
97%
Lewy obrońcaBayernKanadaAlphonso Davies
92%
Prawy ObrońcaBayernNiemcyJoshua Kimmich
88%
Prawy pomocnikBayernNiemcySerge Gnabry
81%
Środkowy pomocnikBayernHiszpaniaThiago Alcantara
77%
Środkowy obrońcaPSGBrazyliaMarquinhos
75%
Środkowy pomocnikPSGBrazyliaNeymar
75%
Środkowy obrońcaRB LipskFrancjaDayot Upamecano
73%
Lewy pomocnikMan CityBrazyliaGabriel Jesus
73%

Rozkład punktacji

Percentyl według liczby udzielonych odpowiedzi

Procent ludzi z każdym wynikiem

Twoja historia wyników

Nie rozwiązałeś tego quizu